Advances in infrared and raman spectroscopy /
Guardado en:
| Otros Autores: | , |
|---|---|
| Formato: | Libro |
| Idioma: | English |
| Publicado: |
London :
Heyden,
c1975-1980.
|
| Materias: | |
| Etiquetas: |
Agregar Etiqueta
Sin Etiquetas, Sea el primero en etiquetar este registro!
|
| LEADER | 01330nam a22002895a 4500 | ||
|---|---|---|---|
| 001 | EIQ.libpla000429 | ||
| 008 | 060118m19751980enka#####b####001#0#eng#d | ||
| 005 | 20060516155957.0 | ||
| 245 | 0 | 0 | |a Advances in infrared and raman spectroscopy / |c edited by R. J. H. Clark, R. E. Hester. |
| 260 | |a London : |b Heyden, |c c1975-1980. | ||
| 300 | |a 5v. : |b il., tablas ; |c 23 cm. | ||
| 504 | |a Incluye referencias bibliográficas e índices. | ||
| 020 | |a 0855011815 (Vol.1) | ||
| 700 | 1 | |a Clark, R. J. H. |q (Robin Jon Hawes), |e ed. |4 edt | |
| 700 | 1 | |a Hester, R. E. |q (Ronald E.), |e ed. |4 edt | |
| 650 | 4 | |a Espectroscopía Infrarroja |x Técnicas experimentales. | |
| 650 | 4 | |a Espectroscopía Infrarroja |x Técnicas teóricas. | |
| 650 | 4 | |a Infrared spectroscopy |x Experimental techniques. | |
| 650 | 4 | |a Infrared spectroscopy |x Theoretical techniques. | |
| 650 | 4 | |a Raman spectroscopy |x Advances. | |
| 650 | 4 | |a Espectroscopía de Raman |x Avances. | |
| 040 | |a AR-BbSID |b spa |c AR-BbSID | ||
| 859 | |a AR-BbSID |b BIB. PLAPIQUI |h 535.84 |i Ad 95 |p 1967 |v Vol.1 |3 Vol. 1 | ||
| 859 | |a AR-BbSID |b BIB. PLAPIQUI |h 535.84 |i Ad 95 |p 1968 |v Vol. 2 |3 Vol. 2 | ||
| 859 | |a AR-BbSID |b BIB. PLAPIQUI |h 535.84 |i Ad 95 |p 1969 |v Vol. 3 |3 Vol. 3 | ||
| 859 | |a AR-BbSID |b BIB. PLAPIQUI |h 535.84 |i Ad 95 |p 1970 |v Vol. 4 |3 Vol. 4 | ||
| 859 | |a AR-BbSID |b BIB. PLAPIQUI |h 535.84 |i Ad 95 |p 1933 |v Vol. 5 |3 Vol. 5 | ||
